000 00805nam a22002417a 4500
003 AR-BeUNQ
005 20220225124548.0
008 181026b xxu||||| |||| 00| 0 spa d
020 _a9789501631197
040 _aAR-BeUNQ
_bspa
_eaacr
082 _a613
_221
100 1 _aTouzé, Graciela Dora
_caut.
_d1950
245 1 0 _aPrrevención del consumo problemático de drogas :
_bUn enfoque educativo.
_cGraciela Dora Taizé.
250 _a1a.ed.
260 _aBuenos Aires :
_bTroquel,
_c2010
300 _a112 p. ;
_c28 cm.
500 _asu estructura era en capítulos, actividades al final del mismo.
504 _aContiene bibliografía ordenado alfabéticamente por capitulo.
650 _aPrevencion de la salud
_2tell
651 6 _aArgentina
_2spines
929 _aDONACION
_bUNQ
942 _cLIB
_n0
999 _c192
_d192